Вісник Національного банку України (Запис № 336999)
[ простий вигляд ]
| 000 -Лідер | |
|---|---|
| fixed length control field | 02558nam a22003137a 4500 |
| 003 - Ідентифікатор контрольного номера | |
| control field | UA-OsUOA |
| 001 - Контрольний номер | |
| control field | 50922 |
| 007 - Фіксоване поле фізичного опису | |
| fixed length control field | ta |
| 008 - Елементи даних фіксованої довжини – загальна інформація | |
| fixed length control field | 20071128b un ||||| |||| 00| 0 ukr d |
| 090 ## - Локальний шифр розміщення | |
| Класифікаційний індекс УДК | 330(477) |
| Авторський знак (НП) | В-22 |
| 040 ## - Джерело каталогізації | |
| Агенція оригінальної каталогізації | UA-OsUOA |
| Мова каталогізації | ukr |
| Агенція, яка здійснювала перезапис | UA-OsUOA |
| Агенція, яка здійснювала модифікацію | UA-OsUOA |
| 041 ## - Код мови | |
| Код мови тексту/ звукової доріжки чи окремого заголовка (П) | ukr |
| 080 ## - Індекс Універсальної десяткової класифікації | |
| Індекс Універсальної десяткової класифікації (УДК) (НП) | 330(477) |
| 022 ## - Міжнародний стандартний серіальний номер (ISSN) | |
| Міжнародний стандартний серіальний номер (ISSN) | 2310-2624 |
| 044 ## - Код країни видавця/ виробника | |
| Код країни видавця/ виробника (П) | UA |
| 099 ## - Місцевий розмір звичайного тексту (OCLC) | |
| Передплатний індекс | 74132 |
| 245 ## - Відомості про назву | |
| Назва (НП) | Вісник Національного банку України |
| Дані про відповідальність (НП) | Гол. ред. кол. Сологуб Д. |
| 260 ## - Публікація, розповсюдження і т.п. (Вихідні дані) | |
| Місце публікації, розповсюдження і т.п. (П) | К. |
| 246 31 - Інша форма назви | |
| Назва (НП) | Щомісячний науково-практичний журнал Національного банку України |
| Номер частини/ розділ роботи (П) | |
| 520 3# - Резюме і т.п. | |
| Резюме, реферат, анотація, тощо (НП) | Вісник Національного банку України" – це журнал, в якому публікуються теоретичні та емпіричні дослідження у сфері економіки, фінансів та банківської справи. Метою журналу є розширення комунікацій центрального банку з академічною спільнотою, підвищення |
| 520 3# - Резюме і т.п. | |
| Резюме, реферат, анотація, тощо (НП) | якості досліджень та прийняття на їх основі ефективних рішень у сфері монетарної політики, фінансових ринків та мікро- і макропруденційного інституційного регулювання. Публікації орієнтовані на читачів, які цікавляться темами, що пов’язані з діяльніс |
| 520 3# - Резюме і т.п. | |
| Резюме, реферат, анотація, тощо (НП) | тю і сферами відповідальності центральних банків.Пріоритетними напрямами для дослідницьких робіт є:- монетарна політика;- фінансова стабільність;- макроекономічне моделювання та прогнозування;- інші питання, що належать до компетен |
| 520 3# - Резюме і т.п. | |
| Резюме, реферат, анотація, тощо (НП) | ції центральних банків."Вісник Національного банку України" публікується щокварталу в електронному форматі українською та англійською мовами. |
| 650 #7 - Додаткове предметне введення – тематичний термін | |
| Тематичний термін чи географічна назва, як елемент введення (НП) | 330 Економіка взагалі |
| Джерело заголовка чи терміна | UDC |
| 856 40 - Електронне місцезнаходження та доступ | |
| Уніфікований ідентифікатор ресурсу (П) | https://bank.gov.ua/control/uk/publish/article?art_id=42551443&cat_id=58429 |
| 942 ## - Додаткові елементи входу (Коха) | |
| Тип елемента Koha | Журнал |
| 955 ## - Код типу видання за змістом | |
| Код типу видання за змістом (НП) | Наукові видання |
| 962 ## - Рік початку публікації | |
| -- | 1995 |
Немає доступних примірників.